000 00828nam a22001937a 4500
003 OSt
005 20260218142243.0
008 260218b |||||||| |||| 00| 0 eng d
040 _c0
082 _aDPer 796.07 J826 January-October 2023 v. 42 n. 1-4
100 _aPatton, Kevin
_eauthor.
_969804
245 _aCareer Transitions :
_bDecision-Making Dynamics Regarding Physical Education Teacher Education Doctoral Program Applications and Entry /
_cKevin Patton and Melissa Parker.
260 _aChampaign, IL ;
_bHuman Kinetics, Inc. ,
_cOctober 2023.
300 _aVolume 42, pages 589-599 :
_billustration ;
_c29 cm.
500 _aJournal of Teaching in Physical Education, vol. 42 no. 4, pages 589-599, July 2023.
700 _aPatton, Kevin
_eauthor.
_969804
700 _aParker, Melissa.
_eauthor.
_959935
942 _2ddc
_cPER
999 _c24349
_d24349